| 000 | 00422nam a2200181Ia 4500 | ||
|---|---|---|---|
| 001 | 4242 | ||
| 005 | 20260306145741.0 | ||
| 008 | 260306t2000||||xx |||||||||||||| ||spa|| | ||
| 041 | _aESP | ||
| 082 |
_a320.09 _bT76 |
||
| 100 |
_aTouchard, Jean _eAUT |
||
| 245 | 0 | _aHistoria de las ideas políticas | |
| 260 | _c2000 | ||
| 300 |
_a658 páginas : _c24 cm. |
||
| 650 | _aGEN | ||
| 654 | _aCDE | ||
| 942 |
_cLIB _dJUS _fJUS _2ddc _n |
||
| 999 |
_c4242 _d4242 |
||